Czechoslovak Economic Papers 6 and 7. (Record no. 9074)

MARC details
000 -LEADER
fixed length control field 00512nam a2200193uu 4500
001 - CONTROL NUMBER
control field WIIW0000188
003 - CONTROL NUMBER IDENTIFIER
control field OSt
005 - DATE AND TIME OF LATEST TRANSACTION
control field 20250124111244.0
008 - FIXED-LENGTH DATA ELEMENTS--GENERAL INFORMATION
fixed length control field 250124t2020 xxk||||| ||||||0| | eng d
020 ## - INTERNATIONAL STANDARD BOOK NUMBER
International Standard Book Number n/a
040 ## - CATALOGING SOURCE
Transcribing agency OSt
041 ## - LANGUAGE CODE
Language code of text/sound track or separate title eng
100 ## - MAIN ENTRY--PERSONAL NAME
Dates associated with a name Bedrich Levcik, Ed.
245 00 - TITLE STATEMENT
Title Czechoslovak Economic Papers 6 and 7.
260 ## - PUBLICATION, DISTRIBUTION, ETC.
Place of publication, distribution, etc. Prague:
Name of publisher, distributor, etc. Academia - Publishing House of the Czechoslovak Academy of Sciences
Date of publication, distribution, etc. 1966.
300 ## - PHYSICAL DESCRIPTION
Extent 200 S. ;
Dimensions 23,5 cm.
651 ## - SUBJECT ADDED ENTRY--GEOGRAPHIC NAME
Geographic name Czechoslovakia
942 ## - ADDED ENTRY ELEMENTS (KOHA)
Koha item type Book
Source of classification or shelving scheme Other/Generic Classification Scheme
Holdings
Withdrawn status Lost status Source of classification or shelving scheme Damaged status Not for loan Home library Current library Shelving location Date acquired Total Checkouts Full call number Date last seen Price effective from Koha item type
    Other/Generic Classification Scheme     WIIW WIIW Library 01/24/2025   7984 01/24/2025 01/24/2025 Book
The Vienna Instiute for International Economic Studies (wiiw)